000 00547nam a2200193Ia 4500
008 131103s9999 xx 000 0 und d
040 _aLoreto College
041 _aEnglish
082 _a913/DES
_bLCBED/13666
100 _aDeshmitra
245 4 _aThe world and its peoples
_b for class - vi
_cDeshmitra and S.L. Kaeley
260 _aDelhi
_bInter university press
_c2002
300 _aV.1
_c 24cm.
650 _aGeography - world
651 _aGeography - method
700 _aKaeley, S.L; ed.
850 _aLCBED/910.7/DES
942 _cBK
999 _c29212
_d79691